[Event "Druzynowe Mistrzostwa Polski - Ekstraliga 2023"]
[Site "Lublin"]
[Date "1899-12-30"]
[Round "3.21"]
[White "Szpar, Milosz"]
[Black "Huschenbeth, Niclas"]
[Result "1-0"]
[WhiteTitle "IM"]
[BlackTitle "GM"]
[WhiteElo "2477"]
[BlackElo "2607"]

1. Nf3 d5 2. e3 c5 3. c4 d4 4. exd4 cxd4 5. g3 Nc6 6. d3 e5 7. Bg2 Nf6 8. O-O Nd7
9. Re1 Be7 10. Na3 O-O 11. Nc2 a5 12. a3 f6 13. Rb1 a4 14. Bd2 Nc5 15. Bb4 Re8
16. Bxc5 Bxc5 17. b4 axb3 18. Rxb3 Kh8 19. Nd2 Ra7 20. Nb4 Nxb4 21. axb4 Bf8 22.
c5 b6 23. Nc4 bxc5 24. b5 Bd7 25. Rb1 Qb8 26. Qc2 h6 27. b6 Ra4 28. Ra1 Rxc4 29.
dxc4 Qxb6 30. Qg6 Bc6 31. Reb1 Qc7 32. Ra6 Bxg2 33. Qxe8 1-0

[Event "Druzynowe Mistrzostwa Polski - Ekstraliga 2023"]
[Site "Lublin"]
[Date "1899-12-30"]
[Round "3.22"]
[White "Fedorchuk, Sergey A."]
[Black "Nguyen, Piotr"]
[Result "1-0"]
[WhiteTitle "GM"]
[BlackTitle "IM"]
[WhiteElo "2578"]
[BlackElo "2394"]

1. e4 c5 2. Nf3 g6 3. c3 d5 4. e5 Nc6 5. Bb5 Bg4 6. O-O Qb6 7. Bxc6+ bxc6 8. d3
Bg7 9. Re1 Bxf3 10. Qxf3 f6 11. c4 fxe5 12. cxd5 Nf6 13. dxc6 O-O 14. Nd2 e4 15.
dxe4 Qxc6 16. Qe2 Rad8 17. Nf3 Nd7 18. Rb1 c4 19. e5 Qe6 20. Be3 Nxe5 21. Nxe5
Qxe5 22. Qxc4+ Qd5 23. Qxd5+ Rxd5 24. b3 a5 25. Rbd1 Rb5 26. Rd7 Bf6 27. Rc1 Ra8
28. Rc4 a4 29. b4 a3 30. Kf1 Kf7 31. Ke2 Ke6 32. Rd3 h5 33. Bc5 Rb7 34. Kd2 g5
35. Kc2 g4 36. Kb3 Kf5 37. Rd5+ e5 38. Rd6 h4 39. Rd3 Bg5 40. Be3 Be7 41. Bd2
Bd8 42. Bc3 Rb5 43. Rc5 Rxc5 44. bxc5 Bg5 45. Kc4 Bf4 46. g3 hxg3 47. hxg3 Bc1
48. Rd5 Re8 49. c6 Bb2 50. c7 1-0

[Event "Druzynowe Mistrzostwa Polski - Ekstraliga 2023"]
[Site "Lublin"]
[Date "1899-12-30"]
[Round "3.23"]
[White "Mikrut, Dariusz"]
[Black "Jakubowski, Krzysztof"]
[Result "0-1"]
[WhiteTitle "IM"]
[BlackTitle "GM"]
[WhiteElo "2312"]
[BlackElo "2469"]

1. d4 Nf6 2. Bf4 b6 3. Nc3 Bb7 4. Qd3 e6 5. e4 Nc6 6. a3 d5 7. e5 Nd7 8. O-O-O
a6 9. h4 Na5 10. Qg3 c5 11. Nf3 Rc8 12. h5 h6 13. Bd3 c4 14. Bf5 Qe7 15. Bg4 b5
16. Bd2 Nb6 17. Nh4 b4 18. axb4 Qxb4 19. Ng6 Na4 20. Nxa4 Qxa4 21. Bxa5 Qa1+ 22.
Kd2 Qxa5+ 23. c3 fxg6 24. Bxe6 g5 25. Bxc8 Bxc8 26. e6 Qb6 27. Kc1 Bd6 28. Qf3
Bf4+ 29. Kb1 Bxe6 30. Rhe1 O-O 0-1

[Event "Druzynowe Mistrzostwa Polski - Ekstraliga 2023"]
[Site "Lublin"]
[Date "1899-12-30"]
[Round "3.24"]
[White "Wagner, Dinara"]
[Black "Divya, Deshmukh"]
[Result "0-1"]
[WhiteTitle "WGM"]
[BlackTitle "WGM"]
[WhiteElo "2468"]
[BlackElo "2385"]

1. d4 Nf6 2. c4 e6 3. Nf3 d5 4. g3 dxc4 5. Bg2 Bb4+ 6. Bd2 a5 7. a3 Bxd2+ 8. Qxd2
c6 9. Ne5 b5 10. Nxc6 Qc7 11. Ne5 Bb7 12. Bxb7 Qxb7 13. O-O Ne4 14. Qe3 f6 15.
Nf3 Ke7 16. d5 Qxd5 17. Nc3 Nxc3 18. bxc3 Na6 19. Rfd1 Qc5 20. Nd4 Nc7 21. Rd2
Kf7 22. Qe4 Qd5 23. Qh4 h5 24. Rad1 Rae8 25. Nf3 Qc5 26. Nd4 Rhf8 27. Qe4 Kg8
28. Qg6 Rf7 29. e4 Qxa3 30. Nc6 Qf8 31. Nd8 Rfe7 32. Nc6 Rf7 33. Nxa5 b4 34. cxb4
c3 35. Rc2 Qxb4 36. Qxh5 e5 37. Nc6 Qc4 38. Rdc1 Nb5 39. Na5 Qb4 40. Ra2 Qxe4
41. Qd1 Rc8 42. Nb3 Nd4 43. Nxd4 exd4 44. Ra4 Rd7 45. Rb4 Re8 46. Rc4 Qd5 47.
Qd3 Rde7 48. f3 Re3 49. Qxd4 Qxd4 50. Rxd4 Re1+ 51. Rxe1 Rxe1+ 52. Kf2 c2 53.
Kxe1 c1=Q+ 54. Ke2 Qg1 55. Rh4 g5 56. Rh5 Kg7 57. g4 Qg2+ 58. Ke3 Qf1 0-1

[Event "Druzynowe Mistrzostwa Polski - Ekstraliga 2023"]
[Site "Lublin"]
[Date "1899-12-30"]
[Round "3.25"]
[White "Harikrishna, Pentala"]
[Black "Sargissian, Gabriel"]
[Result "1-0"]
[WhiteTitle "GM"]
[BlackTitle "GM"]
[WhiteElo "2711"]
[BlackElo "2692"]

1. e4 e5 2. Nf3 Nc6 3. Bc4 Nf6 4. d3 Bc5 5. c3 d6 6. O-O a5 7. Re1 O-O 8. h3 Be6
9. Nbd2 Bxc4 10. Nxc4 h6 11. a4 Re8 12. Be3 Bxe3 13. Nxe3 Qd7 14. Nh2 Ne7 15.
Qf3 Rad8 16. Nhg4 Nh7 17. Qg3 Kh8 18. d4 h5 19. Nh2 Nc6 20. Nf3 exd4 21. Nf5 g6
22. N5xd4 Ne5 23. b3 Qe7 24. Rad1 c6 25. Nh4 Nd7 26. Nhf5 gxf5 27. Nxf5 Qg5 28.
Qxg5 Nxg5 29. Nxd6 Re7 30. f4 Nh7 31. e5 Kg8 32. Nxb7 Ra8 33. Nd6 Nc5 34. Nf5
Rb7 35. Re3 Ne6 36. Rg3+ Kh8 37. Nd6 Rd7 38. f5 Ng7 39. Rgd3 Kg8 40. Rg3 Kf8 41.
Rf1 f6 42. Rg6 Ne8 43. Ne4 Rd5 44. e6 Re5 45. Rf4 Rd8 46. Rh6 Kg8 47. Rxh5 Ng7
48. Rxh7 Kxh7 49. Rh4+ 1-0

[Event "Druzynowe Mistrzostwa Polski - Ekstraliga 2023"]
[Site "Lublin"]
[Date "1899-12-30"]
[Round "3.26"]
[White "Tomczak, Jacek"]
[Black "Grandelius, Nils"]
[Result "1/2-1/2"]
[WhiteTitle "GM"]
[BlackTitle "GM"]
[WhiteElo "2591"]
[BlackElo "2681"]

1. e4 e5 2. Nf3 Nc6 3. Bb5 a6 4. Ba4 Bc5 5. O-O Nge7 6. Nxe5 Nxe5 7. d4 b5 8. Bb3
Bxd4 9. Qxd4 d6 10. c3 O-O 11. Bg5 h6 12. Bh4 c5 13. Qd1 Bb7 14. Nd2 N5g6 15.
Bg3 d5 16. Bc2 Qb6 17. e5 f5 18. exf6 Qxf6 19. Nb3 Rac8 20. Qh5 b4 21. cxb4 cxb4
22. Bd3 Nf5 23. Rae1 d4 24. Nxd4 Nxd4 25. Qxg6 Qxg6 26. Bxg6 a5 27. Bd3 Bd5 28.
b3 Rfd8 29. Be5 Nc6 30. Bf5 Ra8 31. Bc7 Rf8 32. Be6+ Bxe6 33. Rxe6 Rf6 34. Rxf6
gxf6 35. Rd1 a4 36. h3 Kg7 37. Rd6 axb3 38. axb3 Ra1+ 39. Kh2 Rc1 40. f4 Rc3 41.
f5 h5 42. Bb6 Rc2 43. Kg1 Ne7 44. g4 hxg4 45. hxg4 Rc3 46. Rd7 Kf7 47. Bd4 Rd3
48. Kf2 Ke8 49. Rd6 Ng8 50. Be5 Rxb3 51. Bxf6 Nh6 52. Rd4 Rb1 53. Bg5 b3 54. Rd8+
Kf7 55. Rd7+ Ke8 56. Rd8+ Kf7 57. Bxh6 b2 58. Rf8+ Ke7 59. Rb8 Rh1 60. Rb7+ Ke8
61. f6 Rxh6 62. Kg3 1/2-1/2

[Event "Druzynowe Mistrzostwa Polski - Ekstraliga 2023"]
[Site "Lublin"]
[Date "1899-12-30"]
[Round "3.27"]
[White "Bartel, Mateusz"]
[Black "Laurusas, Tomas"]
[Result "1-0"]
[WhiteTitle "GM"]
[BlackTitle "GM"]
[WhiteElo "2621"]
[BlackElo "2550"]

1. e4 e5 2. Nf3 Nf6 3. d4 Nxe4 4. Bd3 d5 5. Nxe5 Nd7 6. Nc3 Nxc3 7. bxc3 Nxe5 8.
dxe5 Be6 9. O-O Bc5 10. Rb1 Rb8 11. Qh5 Qd7 12. Be3 Bxe3 13. fxe3 Qe7 14. Bb5+
Kd8 15. c4 c6 16. Bxc6 dxc4 17. Bd5 g6 18. Qf3 Kc8 19. Qe4 Qc5 20. Bxe6+ fxe6
21. Rf7 Qd5 22. Qxd5 exd5 23. Rb5 b6 24. Rxd5 Rb7 25. Rxb7 Kxb7 26. Kf2 Rf8+ 27.
Ke2 Kc6 28. e4 b5 29. Ke3 Rf1 30. e6 Rf6 31. Re5 Rf8 32. e7 Re8 33. Kd4 Kd6 34.
g4 a6 35. g5 Kd7 36. Kd5 c3 37. Re6 b4 38. Rd6+ 1-0

[Event "Druzynowe Mistrzostwa Polski - Ekstraliga 2023"]
[Site "Lublin"]
[Date "1899-12-30"]
[Round "3.28"]
[White "Warakomski, Tomasz"]
[Black "Mastrovasilis, Dimitrios"]
[Result "1/2-1/2"]
[WhiteTitle "GM"]
[BlackTitle "GM"]
[WhiteElo "2533"]
[BlackElo "2589"]

1. e4 c5 2. Nf3 e6 3. d4 cxd4 4. Nxd4 Nf6 5. Nc3 Nc6 6. g3 d5 7. Bg2 dxe4 8. Nxc6
Qxd1+ 9. Kxd1 bxc6 10. Nxe4 Nxe4 11. Bxe4 Bb7 12. Ke2 O-O-O 13. Bd3 c5 14. Re1
Be7 15. Be3 Rd7 16. a4 Bf6 17. Ra3 Rc7 18. Bc4 Bd5 19. Ba6+ Bb7 20. Bxb7+ Rxb7
21. Rb3 c4 22. Rxb7 Kxb7 23. Rd1 Kc6 24. Bxa7 Ra8 25. Bd4 e5 26. Bc3 Rxa4 27.
Ke3 Bg5+ 28. Ke4 f6 29. h4 Bh6 30. Kf5 Ra6 31. g4 Bf4 32. h5 Bh6 33. f3 Ra8 34.
Ke6 Re8+ 35. Kf7 Ra8 36. Ke7 Bg5 37. Ke6 Re8+ 38. Kf7 Rb8 39. Kxg7 Rb7+ 40. Kf8
h6 41. Ra1 Kd5 42. Ra8 Ke6 43. Re8+ Kd5 44. Ra8 Ke6 45. Ra6+ Kd5 46. Kg8 Kc5 47.
Ra8 Kd5 48. Rf8 Ke6 49. Rc8 Kd5 50. Rd8+ Ke6 51. Bd2 Bxd2 52. Rxd2 c3 53. bxc3
Rc7 54. Rd3 f5 55. g5 hxg5 56. h6 e4 57. fxe4 fxe4 58. Rd8 Kf6 59. Rd6+ Ke5 60.
Ra6 Rc8+ 61. Kf7 e3 62. h7 Kf4 63. Re6 g4 64. Rf6+ Kg3 65. Re6 Kf3 66. Rf6+ Kg3
67. Re6 1/2-1/2

[Event "Druzynowe Mistrzostwa Polski - Ekstraliga 2023"]
[Site "Lublin"]
[Date "1899-12-30"]
[Round "3.29"]
[White "Gumularz, Szymon"]
[Black "Kantans, Toms"]
[Result "1-0"]
[WhiteTitle "GM"]
[BlackTitle "GM"]
[WhiteElo "2587"]
[BlackElo "2487"]

1. d4 Nf6 2. c4 e6 3. Nc3 Bb4 4. e3 b6 5. Nge2 Ne4 6. Bd2 Nxd2 7. Qxd2 O-O 8. a3
Be7 9. g3 Ba6 10. b3 c6 11. d5 cxd5 12. cxd5 exd5 13. Nxd5 Nc6 14. Bg2 Na5 15.
Qd1 Rc8 16. Ra2 Re8 17. O-O Bf8 18. Re1 Qg5 19. Nef4 Qe5 20. h4 Nb7 21. Nb4 Qa5
22. Nxa6 Qxa6 23. Qxd7 Nc5 24. Qf5 Ne6 25. Nxe6 fxe6 26. Qb1 Qb5 27. Bf1 Qe5 28.
Rc1 a5 29. Rd1 Red8 30. a4 g6 31. Ba6 Ra8 32. Bc4 Bb4 33. Rd3 Kf8 34. Re2 Ke7
35. Rd4 Rxd4 36. exd4 Qxd4 37. Rxe6+ Kf8 38. Re4 Qc3 39. h5 Ra7 40. hxg6 hxg6
41. Re6 Bc5 42. Qxg6 Rf7 43. Qxf7+ 1-0

[Event "Druzynowe Mistrzostwa Polski - Ekstraliga 2023"]
[Site "Lublin"]
[Date "1899-12-30"]
[Round "3.30"]
[White "Antolak, Julia"]
[Black "Zawadzka, Jolanta"]
[Result "0-1"]
[WhiteTitle "WGM"]
[BlackTitle "WGM"]
[WhiteElo "2299"]
[BlackElo "2347"]

1. c4 c5 2. Nc3 Nc6 3. Nf3 g6 4. e3 Bg7 5. d4 d6 6. Be2 e6 7. O-O Nf6 8. b3 O-O
9. Bb2 b6 10. Qd2 Bb7 11. d5 Ne7 12. e4 b5 13. dxe6 b4 14. exf7+ Rxf7 15. Nd1
Nxe4 16. Qc2 Nf5 17. Bd3 Nc3 18. Nxc3 bxc3 19. Bxc3 Bxf3 20. gxf3 Bxc3 21. Qxc3
Nd4 22. Kh1 Rxf3 23. Rae1 Qh4 24. Re3 Raf8 25. Qe1 Rxf2 26. Rxf2 Rxf2 27. Re8+
Kf7 28. Re7+ Kf6 29. Rxh7 Rxh2+ 0-1

[Event "Druzynowe Mistrzostwa Polski - Ekstraliga 2023"]
[Site "Lublin"]
[Date "1899-12-30"]
[Round "4.1"]
[White "Wojtaszek, Radoslaw"]
[Black "Sargissian, Gabriel"]
[Result "1/2-1/2"]
[WhiteTitle "GM"]
[BlackTitle "GM"]
[WhiteElo "2675"]
[BlackElo "2692"]

1. c4 e6 2. g3 d5 3. Bg2 Nf6 4. Nf3 Be7 5. O-O O-O 6. d4 dxc4 7. Qc2 a6 8. a4 Bd7
9. Qxc4 Bc6 10. Bg5 Nbd7 11. Nc3 h6 12. Bxf6 Nxf6 13. a5 Qd6 14. Rfc1 Rac8 15.
e3 Rfd8 16. Qe2 Bf8 17. h4 Qe7 18. Rd1 Qd6 19. Rdc1 Qe7 20. Rd1 Qd6 21. Rdc1 1/2-1/2

[Event "Druzynowe Mistrzostwa Polski - Ekstraliga 2023"]
[Site "Lublin"]
[Date "1899-12-30"]
[Round "4.2"]
[White "Tomczak, Jacek"]
[Black "Abasov, Nijat"]
[Result "1/2-1/2"]
[WhiteTitle "GM"]
[BlackTitle "GM"]
[WhiteElo "2591"]
[BlackElo "2677"]

1. e4 e5 2. Nf3 Nc6 3. Bb5 Nf6 4. d3 Bc5 5. c3 O-O 6. O-O d6 7. Bg5 h6 8. Bh4 a6
9. Bxc6 bxc6 10. d4 Bb6 11. Nbd2 exd4 12. Nxd4 Bd7 13. f4 Re8 14. Kh1 Qe7 15.
N4f3 Bg4 16. h3 Bxf3 17. Qxf3 Qe6 18. Rae1 Nd7 19. b3 f6 20. Nc4 a5 21. Bg3 a4
22. e5 axb3 23. axb3 dxe5 24. fxe5 fxe5 25. Bxe5 Nxe5 26. Rxe5 Qg6 27. Rf5 Ra2
28. Ne5 Qe6 29. Nxc6 Re2 30. Rf8+ Rxf8 31. Qxf8+ Kh7 32. Qf5+ Qxf5 33. Rxf5 Rb2
34. b4 Rc2 35. Rf3 Bf2 36. Nd4 1/2-1/2

[Event "Druzynowe Mistrzostwa Polski - Ekstraliga 2023"]
[Site "Lublin"]
[Date "1899-12-30"]
[Round "4.3"]
[White "Kollars, Dmitrij"]
[Black "Laurusas, Tomas"]
[Result "1/2-1/2"]
[WhiteTitle "GM"]
[BlackTitle "GM"]
[WhiteElo "2641"]
[BlackElo "2550"]

1. c4 c6 2. Nf3 d5 3. g3 Bg4 4. Ne5 Be6 5. d4 Nd7 6. Nf3 Ngf6 7. Bg2 Bf5 8. Nc3
e6 9. Nh4 Be4 10. Nxe4 Nxe4 11. O-O Be7 12. Nf3 O-O 13. Qc2 Re8 14. Bf4 a5 15.
Rfd1 Qb6 16. Ne1 Nef6 17. Rac1 Rac8 18. c5 Qa7 19. Nd3 b6 20. cxb6 Qxb6 21. Nc5
Nxc5 22. dxc5 Qa7 23. e4 dxe4 24. Bd6 e3 25. fxe3 Nd5 26. Qf2 Red8 27. e4 Ne3
28. Rd3 Ng4 29. Qf4 Bxd6 30. Rxd6 Rxd6 31. Qxd6 Qb8 32. b3 Rd8 33. Qxb8 Rxb8 34.
Bf1 Kf8 35. Be2 Nf6 36. Bf3 Nd7 37. Kf2 Rb5 38. Ke3 e5 39. Be2 Rxc5 40. Bc4 Nb6
41. a4 Nc8 42. g4 g5 43. Kd3 Nd6 44. Rf1 Kg7 45. Rd1 Kg6 46. Ke2 Nxc4 47. Rc1
h5 48. h3 h4 49. bxc4 Kf6 50. Kd3 1/2-1/2

[Event "Druzynowe Mistrzostwa Polski - Ekstraliga 2023"]
[Site "Lublin"]
[Date "1899-12-30"]
[Round "4.4"]
[White "Warakomski, Tomasz"]
[Black "Teclaf, Pawel"]
[Result "0-1"]
[WhiteTitle "GM"]
[BlackTitle "GM"]
[WhiteElo "2533"]
[BlackElo "2586"]

1. e4 c6 2. c4 d5 3. exd5 cxd5 4. cxd5 Nf6 5. Nc3 Nxd5 6. Nf3 Nc6 7. Bb5 e6 8.
O-O Bd6 9. d4 O-O 10. Re1 Bd7 11. Bd3 Nce7 12. Ne5 Bxe5 13. dxe5 Nxc3 14. bxc3
Bc6 15. c4 Nf5 16. Bxf5 exf5 17. Qh5 Qd3 18. Bb2 Qxc4 19. Qxf5 Qe6 20. Qf4 Rfd8
21. h3 Rd3 22. Re3 Rad8 23. Rg3 h6 24. Bc3 g5 25. Rc1 Kh7 26. Rxd3 gxf4 27. Rxd8
Qg6 28. f3 Bxf3 29. Rd2 Bc6 30. Rf2 f3 31. Re1 fxg2 32. Bd2 Bd5 33. Bf4 Qh5 34.
Kh2 Be6 35. Rxg2 Qh4 36. Bd2 Qxh3+ 37. Kg1 Bd5 38. Ree2 Bxg2 39. Rxg2 Qd3 0-1

[Event "Druzynowe Mistrzostwa Polski - Ekstraliga 2023"]
[Site "Lublin"]
[Date "1899-12-30"]
[Round "4.5"]
[White "Heberla, Bartlomiej"]
[Black "Kantans, Toms"]
[Result "1-0"]
[WhiteTitle "GM"]
[BlackTitle "GM"]
[WhiteElo "2552"]
[BlackElo "2487"]

1. e4 c5 2. Nf3 d6 3. d4 cxd4 4. Nxd4 Nf6 5. Nc3 a6 6. Bd3 e5 7. Nde2 Be7 8. O-O
O-O 9. Ng3 b5 10. a4 b4 11. Nd5 Nxd5 12. exd5 f5 13. a5 e4 14. Be2 Nd7 15. Qd4
Rb8 16. Nh5 Rf7 17. Bd2 Ne5 18. Qa7 Rb7 19. Qd4 Rb8 20. Kh1 g6 21. Nf4 Bf6 22.
Qe3 Qe8 23. Qb3 Nd7 24. Ne6 Be5 25. Bc4 f4 26. Rae1 f3 27. Rxe4 fxg2+ 28. Kxg2
Nf6 29. Rxe5 dxe5 30. Re1 Bb7 31. Kg1 Rc8 32. Rxe5 Qd7 33. Bxb4 Rxc4 34. Qxc4
Nxd5 35. Ng5 Rf4 36. Ne4 Kg7 37. Qd4 Qg4+ 38. Kf1 Kh6 39. Rxd5 Bxd5 40. Qxd5 g5
41. Qd6+ Kg7 42. Bc3+ Kf7 43. Qd5+ Kf8 44. Nxg5 Rf5 45. Qd8# 1-0

[Event "Druzynowe Mistrzostwa Polski - Ekstraliga 2023"]
[Site "Lublin"]
[Date "1899-12-30"]
[Round "4.6"]
[White "Warakomska, Anna"]
[Black "Kiolbasa, Oliwia"]
[Result "1-0"]
[WhiteTitle "WGM"]
[BlackTitle "IM"]
[WhiteElo "2167"]
[BlackElo "2387"]

1. e4 e5 2. Nf3 Nc6 3. Bc4 Nf6 4. d4 exd4 5. e5 d5 6. Bb5 Nd7 7. O-O Be7 8. Bxc6
bxc6 9. Nxd4 Nxe5 10. Bf4 c5 11. Bxe5 cxd4 12. Bxg7 Rg8 13. Be5 Bh3 14. Bg3 Bg4
15. Qxd4 Kf8 16. Nc3 c6 17. Rfe1 h5 18. Bf4 Bg5 19. Re5 Bxf4 20. Qxf4 Rg6 21.
h3 Bd7 22. Rxh5 Kg7 23. Re1 Qf6 24. Qxf6+ Kxf6 25. Re3 Bf5 26. Ne2 Rg5 27. Rxg5
Kxg5 28. Nd4 c5 29. f4+ Kf6 30. Nxf5 Kxf5 31. Re5+ Kxf4 32. Rxd5 Rb8 33. b3 Rc8
34. Kf2 f5 35. c4 a5 36. g3+ Ke4 37. h4 a4 38. bxa4 Ra8 39. g4 fxg4 40. Kg3 Rxa4
41. Rxc5 Rxa2 42. Rg5 Ra1 43. Kxg4 Rg1+ 44. Kh5 Rh1 45. c5 Kf4 46. Rg4+ Kf5 47.
Rc4 Rg1 48. c6 Rg8 49. Rc5+ Kf6 50. c7 1-0

[Event "Druzynowe Mistrzostwa Polski - Ekstraliga 2023"]
[Site "Lublin"]
[Date "1899-12-30"]
[Round "4.7"]
[White "Bluebaum, Matthias"]
[Black "Harikrishna, Pentala"]
[Result "1/2-1/2"]
[WhiteTitle "GM"]
[BlackTitle "GM"]
[WhiteElo "2670"]
[BlackElo "2711"]

1. d4 Nf6 2. c4 e6 3. Nc3 Bb4 4. e3 O-O 5. Bd3 d5 6. Nf3 c5 7. O-O dxc4 8. Bxc4
Nbd7 9. a3 cxd4 10. Nb5 Be7 11. Nbxd4 e5 12. Nf5 Nb6 13. Nxe7+ Qxe7 14. Be2 Bg4
15. Bd2 Rfd8 16. Qe1 Nbd5 17. h3 Bh5 18. Rc1 Ne4 19. Bb4 Nxb4 20. Qxb4 Qxb4 21.
axb4 Nd2 1/2-1/2

[Event "Druzynowe Mistrzostwa Polski - Ekstraliga 2023"]
[Site "Lublin"]
[Date "1899-12-30"]
[Round "4.8"]
[White "Grandelius, Nils"]
[Black "Donchenko, Alexander"]
[Result "1/2-1/2"]
[WhiteTitle "GM"]
[BlackTitle "GM"]
[WhiteElo "2681"]
[BlackElo "2679"]

1. e4 c5 2. Nf3 d6 3. Bb5+ Bd7 4. Bxd7+ Nxd7 5. O-O e6 6. Qe2 Be7 7. Rd1 Ngf6 8.
b3 O-O 9. Bb2 a6 10. d4 cxd4 11. Nxd4 Rc8 12. c4 Qa5 13. Nc3 Qh5 14. Qxh5 Nxh5
15. Nf3 Rfd8 16. Kf1 Kf8 17. Ba3 Nc5 18. e5 dxe5 19. Nxe5 Ke8 20. g3 Nf6 21. Bb2
h5 22. f3 Nfd7 23. Nxd7 Rxd7 24. Rxd7 1/2-1/2

[Event "Druzynowe Mistrzostwa Polski - Ekstraliga 2023"]
[Site "Lublin"]
[Date "1899-12-30"]
[Round "4.9"]
[White "Huschenbeth, Niclas"]
[Black "Bartel, Mateusz"]
[Result "0-1"]
[WhiteTitle "GM"]
[BlackTitle "GM"]
[WhiteElo "2607"]
[BlackElo "2621"]

1. e4 e5 2. Nf3 Nc6 3. Bb5 a6 4. Ba4 Nf6 5. O-O Be7 6. d3 d6 7. c3 O-O 8. Re1 h6
9. h3 Re8 10. d4 b5 11. Bc2 Bb7 12. Nbd2 Bf8 13. d5 Ne7 14. b3 Ng6 15. Nf1 c6
16. c4 Qc7 17. Be3 a5 18. Ng3 Ba6 19. Bd3 bxc4 20. bxc4 Reb8 21. Bf1 a4 22. a3
Bc8 23. Rb1 Rxb1 24. Qxb1 Rb8 25. Qc1 Bd7 26. Bd2 Qb7 27. Bb4 Ne8 28. Nd2 Be7
29. Qc2 Bg5 30. Ne2 Nh4 31. Kh2 f5 32. Ng1 c5 33. Bc3 Bxd2 34. Qxd2 Nf6 35. g3
Nxe4 36. Rxe4 fxe4 37. gxh4 Qb1 38. Be2 Rb3 39. Bd1 Rxc3 40. Qxc3 Qxd1 41. Qa5
Kh7 42. Qd8 Bf5 43. Qxd6 Qd4 44. Kg3 Qc3+ 45. Kh2 e3 46. Qxc5 e2 47. Qf8 Qd3 48.
Qb4 Qd1 49. Nf3 Qf1 0-1

[Event "Druzynowe Mistrzostwa Polski - Ekstraliga 2023"]
[Site "Lublin"]
[Date "1899-12-30"]
[Round "4.10"]
[White "Mastrovasilis, Dimitrios"]
[Black "Fedorchuk, Sergey A."]
[Result "1/2-1/2"]
[WhiteTitle "GM"]
[BlackTitle "GM"]
[WhiteElo "2589"]
[BlackElo "2578"]

1. e4 e5 2. Nf3 Nc6 3. Bb5 Nf6 4. O-O Nxe4 5. d4 Nd6 6. Bxc6 dxc6 7. dxe5 Nf5 8.
Qxd8+ Kxd8 9. Rd1+ Ke8 10. Nc3 Ne7 11. h3 Ng6 12. b3 Be7 13. Bb2 h5 14. Ne2 Bf5
15. Nfd4 Bd7 16. Ng3 h4 17. Ngf5 Bf8 18. Re1 Rh5 19. e6 fxe6 20. Nxe6 Bxe6 21.
Nd4 Kf7 22. Nxe6 Bd6 23. Re4 Be5 24. Bxe5 Rxe5 25. Rxe5 Nxe5 26. Nc5 b6 27. Re1
Ng6 28. Nd3 Rd8 29. Kf1 Rd4 30. Ke2 c5 31. Ke3 a5 32. a4 Kf6 33. g4 hxg3 34. fxg3
Ne7 35. Rf1+ Nf5+ 36. Kd2 Ke6 37. g4 Nd6 38. Rf4 g5 1/2-1/2

[Event "Druzynowe Mistrzostwa Polski - Ekstraliga 2023"]
[Site "Lublin"]
[Date "1899-12-30"]
[Round "4.11"]
[White "Jakubowski, Krzysztof"]
[Black "Gumularz, Szymon"]
[Result "1/2-1/2"]
[WhiteTitle "GM"]
[BlackTitle "GM"]
[WhiteElo "2469"]
[BlackElo "2587"]

1. d4 Nf6 2. c4 e6 3. Nc3 d5 4. cxd5 Nxd5 5. e4 Nxc3 6. bxc3 c5 7. Rb1 Be7 8. Nf3
O-O 9. Be2 cxd4 10. cxd4 b6 11. O-O Bb7 12. Qd3 Nc6 13. Bd2 Rc8 14. Rfd1 Nb8 15.
Qe3 Nd7 16. Bd3 Re8 17. Bb5 Bc6 18. a4 Bxb5 19. axb5 Qc7 20. Rb2 e5 21. d5 Qc4
22. Be1 a6 23. bxa6 Qxa6 24. Bb4 Bxb4 25. Rxb4 Rc2 26. h3 Rec8 27. Re1 h6 1/2-1/2

[Event "Druzynowe Mistrzostwa Polski - Ekstraliga 2023"]
[Site "Lublin"]
[Date "1899-12-30"]
[Round "4.13"]
[White "Ivanchuk, Vasyl"]
[Black "Pechac, Jergus"]
[Result "1/2-1/2"]
[WhiteTitle "GM"]
[BlackTitle "GM"]
[WhiteElo "2664"]
[BlackElo "2598"]

1. d4 Nf6 2. c4 e6 3. Nf3 d5 4. Nc3 Be7 5. Bg5 h6 6. Bh4 dxc4 7. e3 c5 8. Bxc4
cxd4 9. Nxd4 Bd7 10. O-O Nc6 11. Nf3 O-O 12. a3 Nh5 13. Bxe7 Qxe7 14. Qe2 Rfd8
15. Rad1 Be8 16. e4 Rxd1 17. Rxd1 Rd8 18. Rxd8 Qxd8 19. Qe3 Nf6 20. h3 Nd7 21.
Be2 Qb6 22. Qxb6 Nxb6 23. Kf1 Kf8 24. Ke1 Ke7 1/2-1/2

[Event "Druzynowe Mistrzostwa Polski - Ekstraliga 2023"]
[Site "Lublin"]
[Date "1899-12-30"]
[Round "4.15"]
[White "Galperin, Platon"]
[Black "Szpar, Milosz"]
[Result "1-0"]
[WhiteTitle "GM"]
[BlackTitle "IM"]
[WhiteElo "2571"]
[BlackElo "2477"]

1. Nf3 d5 2. g3 Nf6 3. Bg2 e6 4. O-O Be7 5. d3 c5 6. Bf4 Nc6 7. Ne5 Nxe5 8. Bxe5
Bd7 9. e4 Bc6 10. Qe2 O-O 11. a4 Re8 12. b3 Rc8 13. Nd2 b6 14. f4 a6 15. c4 b5
16. axb5 axb5 17. Kh1 Nd7 18. Bc3 Qb6 19. cxd5 exd5 20. Bxg7 Kxg7 21. exd5 Bxd5
22. Bxd5 Nf6 23. Bg2 c4 24. bxc4 Bc5 25. Qd1 Rcd8 26. cxb5 Rxd3 27. Qc2 Red8 28.
Nc4 Qxb5 29. Rab1 Bb4 30. Ne5 Rd2 31. Qc4 Qxc4 32. Nxc4 Bc5 33. Nxd2 Rxd2 34.
Bf3 h5 35. Rbd1 Ra2 36. Bxh5 Ne4 37. Rd7 Nf2+ 38. Kg2 Kh6 39. Bxf7 Ng4+ 40. Bxa2
1-0

[Event "Druzynowe Mistrzostwa Polski - Ekstraliga 2023"]
[Site "Lublin"]
[Date "1899-12-30"]
[Round "4.16"]
[White "Nguyen, Piotr"]
[Black "Samunenkov, Ihor"]
[Result "1-0"]
[WhiteTitle "IM"]
[BlackTitle "IM"]
[WhiteElo "2394"]
[BlackElo "2517"]

1. c4 Nf6 2. g3 c6 3. Nf3 d5 4. Bg2 dxc4 5. O-O Nbd7 6. Qc2 Nb6 7. Na3 Be6 8. Ne5
Qd4 9. Nxc6 bxc6 10. Bxc6+ Kd8 11. Nb5 Qc5 12. Bxa8 Nxa8 13. a4 Bh3 14. Re1 e5
15. d4 exd4 16. Nxd4 Nb6 17. Be3 Kc8 18. Nf3 Qc6 19. a5 Nbd5 20. Bxa7 Kb7 21.
Bd4 Bd6 22. b3 c3 23. Ra4 Re8 24. e4 Nxe4 25. a6+ Ka8 26. Rxe4 Rxe4 27. Qxe4 c2
28. Bb2 c1=Q+ 29. Bxc1 Qxc1+ 30. Ne1 Ka7 31. Rc4 Qa1 32. g4 Be5 33. Rc5 f5 34.
gxf5 Bxf5 35. Qe2 Bg4 36. Qd2 Bf3 37. Rc1 Qxa6 38. Nxf3 Qg6+ 39. Kf1 Nf4 40. Qa5+
Kb7 41. Qb5+ Ka7 42. Qc5+ Kb7 43. Nxe5 Qg2+ 44. Ke1 Qe4+ 45. Kd2 1-0

[Event "Druzynowe Mistrzostwa Polski - Ekstraliga 2023"]
[Site "Lublin"]
[Date "1899-12-30"]
[Round "4.17"]
[White "Kosakowski, Jakub"]
[Black "Mikrut, Dariusz"]
[Result "1/2-1/2"]
[WhiteTitle "IM"]
[BlackTitle "IM"]
[WhiteElo "2494"]
[BlackElo "2312"]

1. e4 e5 2. Nf3 Nc6 3. g3 Bc5 4. Bg2 d6 5. c3 Nf6 6. d3 a5 7. a4 h6 8. O-O O-O
9. Na3 Re8 10. Re1 Bg4 11. h3 Bh5 12. Nc4 Ba7 13. Ne3 Bxe3 14. Bxe3 d5 15. exd5
Nxd5 16. Qb3 Rb8 17. Nd2 Nf6 18. Nc4 Bg6 19. Rad1 Bxd3 20. Ba7 e4 21. Bxb8 Qxb8
22. Re3 Qc8 23. Rde1 Rd8 24. Nd2 Ne5 25. f4 Ned7 26. Qa3 Nb6 27. c4 Nxc4 28. Nxc4
Bxc4 29. Qc3 Bd3 30. Qxa5 b6 31. Qe5 Re8 32. Qc3 Rd8 33. Qb3 c5 34. Rc1 Qc7 35.
Kh2 Rd4 36. Ree1 Qd6 37. a5 bxa5 38. Qa3 c4 39. Qxa5 Rd5 40. Qa8+ Kh7 41. Qa7
Rb5 42. Qxf7 1/2-1/2

[Event "Druzynowe Mistrzostwa Polski - Ekstraliga 2023"]
[Site "Lublin"]
[Date "1899-12-30"]
[Round "4.18"]
[White "Divya, Deshmukh"]
[Black "Maltsevskaya, Aleksandra"]
[Result "1-0"]
[WhiteTitle "WGM"]
[BlackTitle "IM"]
[WhiteElo "2385"]
[BlackElo "2386"]

1. e4 c5 2. Nf3 d6 3. Bb5+ Bd7 4. a4 g6 5. O-O Bg7 6. Re1 Nf6 7. e5 dxe5 8. Nxe5
O-O 9. Qf3 Bxb5 10. axb5 Nd5 11. Nd3 e6 12. Nc3 c4 13. Nxd5 cxd3 14. Nb4 Qb6 15.
Qxd3 Rd8 16. Qe2 Nd7 17. c3 e5 18. c4 Qd6 19. Nd5 Nc5 20. d3 Nb3 21. Ra4 Nd4 22.
Qd1 h6 23. Bd2 Kh7 24. Bb4 Qd7 25. Bc3 Nxb5 26. Bxe5 Nd4 27. Bxg7 Kxg7 28. b3
Re8 29. Rxe8 Rxe8 30. Qa1 f6 31. h3 Qd6 32. Rxa7 g5 33. Rxb7+ Kg6 34. Rb6 Qe5
35. Rxf6+ Kh5 1-0